000 00661 a2200205 4500
999 _c11137
_d11137
020 _a9781118700679
050 _aQP88.2
_bTOR 2014
100 1 _aTortora, Gerard J.,
_eauthor.
245 0 0 _aA brief atlas of the skeleton and surface anatomy /
_cGerard J. Tortora.
264 1 _aHoboken, NJ :
_bWiley,
_c2014
300 _avii, 47 pages :
_bcolor illustrations ;
336 _atext
_btxt
_2rdacontent
337 _aunmediated
_bn
_2rdamedia
338 _2rdacarrier
_avolume
_bnc
650 _aAnimal Structures
650 _aHuman anatomy
651 _aDiagnostic Imaging
942 _2lcc
_cBK
_h88.2
_iTOR
_kQP